Spam The Letter A - Statistics

General Stats
  • This quiz has been taken 348 times
  • The average score is 19 of 21
Answer Stats
Level SPAMMMM % Correct
START a
100%
super duper duper easy aa
100%
super duper easy aaa
100%
super easy aaaa
99%
very easy aaaaa
99%
pretty easy aaaaaa
99%
easy aaaaaaa
99%
not very easy aaaaaaaa
98%
kinda easy aaaaaaaaa
98%
somewhat easy aaaaaaaaaa
98%
midium aaaaaaaaaaa
98%
not hard aaaaaaaaaaaa
96%
not too hard aaaaaaaaaaaaaaa
96%
somewhat hard aaaaaaaaaaaaaaaaaa
95%
kinda hard aaaaaaaaaaaaaaaaaaaaa
92%
hard aaaaaaaaaaaaaaaaaaaaaaaaaa
87%
very hard aaaaaaaaaaaaaaaaaaaaaaaaaaaaaa
76%
super hard aaaaaaaaaaaaaaaaaaaaaaaaaaaaaaaaaaa
66%
super duper hard aaaaaaaaaaaaaaaaaaaaaaaaaaaaaaaaaaaaaa
59%
super duper duper hard aaaaaaaaaaaaaaaaaaaaaaaaaaaaaaaaaaaaaaaaaa
53%
IMPOSSIBLE aaaaaaaaaaaaaaaaaaaaaaaaaaaaaaaaaaaaaaaaaaaaaa
50%
No matching quizzes found
Score Distribution
Percent of People with Each Score
Percentile by Number Answered
Your Score History
You have not taken this quiz